50 groupes de métal par titre - Statistiques

Statistiques générales
  • Ce quiz a été pris 56 fois
  • Le résultat moyen est 24 sur 50
Statistiques - réponses
Titre Origine Groupe % Correct
Enter Sandman langfr-960px-Flag_of_the_United_States_%28Pantone%29.svg.png Metallica
93%
I Was Made For Lovin' You langfr-960px-Flag_of_the_United_States_%28Pantone%29.svg.png KISS
88%
Du hast langfr-960px-Flag_of_Germany.svg.png Rammstein
88%
Paranoid 960px-Flag_of_the_United_Kingdom_%283-5%29.svg.png?utm_source=commons.wikimedia.org&utm_campaign=index&utm_content=thumbnail&_=20250726143817 Black Sabbath
84%
The Trooper 960px-Flag_of_the_United_Kingdom_%283-5%29.svg.png?utm_source=commons.wikimedia.org&utm_campaign=index&utm_content=thumbnail&_=20250726143817 Iron Maiden
79%
Chop Suey! langfr-960px-Flag_of_the_United_States_%28Pantone%29.svg.png System of a Down
79%
Stranded langfr-960px-Flag_of_France.svg.png Gojira
77%
In the End langfr-960px-Flag_of_the_United_States_%28Pantone%29.svg.png Linkin Park
77%
Wind of Change langfr-960px-Flag_of_Germany.svg.png Scorpions
74%
Bring Me To Life langfr-960px-Flag_of_the_United_States_%28Pantone%29.svg.png Evanescence
72%
Breaking the Law 960px-Flag_of_the_United_Kingdom_%283-5%29.svg.png?utm_source=commons.wikimedia.org&utm_campaign=index&utm_content=thumbnail&_=20250726143817 Judas Priest
72%
Ace of Spades 960px-Flag_of_the_United_Kingdom_%283-5%29.svg.png?utm_source=commons.wikimedia.org&utm_campaign=index&utm_content=thumbnail&_=20250726143817 Motörhead
70%
Duality langfr-960px-Flag_of_the_United_States_%28Pantone%29.svg.png Slipknot
70%
Crazy Train 960px-Flag_of_the_United_Kingdom_%283-5%29.svg.png?utm_source=commons.wikimedia.org&utm_campaign=index&utm_content=thumbnail&_=20250726143817 Ozzy Osbourne
67%
Walk langfr-960px-Flag_of_the_United_States_%28Pantone%29.svg.png Pantera
67%
Livin' On A Prayer langfr-960px-Flag_of_the_United_States_%28Pantone%29.svg.png Bon Jovi
65%
Mary On A Cross 960px-Flag_of_Sweden.svg.png?utm_source=commons.wikimedia.org&utm_campaign=index&utm_content=thumbnail&_=20240601033150 Ghost
63%
Freak On a Leash langfr-960px-Flag_of_the_United_States_%28Pantone%29.svg.png Korn
63%
Raining Blood langfr-960px-Flag_of_the_United_States_%28Pantone%29.svg.png Slayer
60%
Symphony Of Destruction langfr-960px-Flag_of_the_United_States_%28Pantone%29.svg.png Megadeth
58%
Kickstart My Heart langfr-960px-Flag_of_the_United_States_%28Pantone%29.svg.png Mötley Crüe
53%
Break Stuff langfr-960px-Flag_of_the_United_States_%28Pantone%29.svg.png Limp Bizkit
51%
Can You Feel My Heart 960px-Flag_of_the_United_Kingdom_%283-5%29.svg.png?utm_source=commons.wikimedia.org&utm_campaign=index&utm_content=thumbnail&_=20250726143817 Bring Me The Horizon
49%
Roots Bloody Roots 960px-Flag_of_Brazil.svg.png?utm_source=commons.wikimedia.org&utm_campaign=index&utm_content=thumbnail&_=20240809055211 Sepultura
49%
Down with the Sickness langfr-960px-Flag_of_the_United_States_%28Pantone%29.svg.png Disturbed
47%
Hail to the King langfr-960px-Flag_of_the_United_States_%28Pantone%29.svg.png Avenged Sevenfold
44%
Dragula langfr-960px-Flag_of_the_United_States_%28Pantone%29.svg.png Rob Zombie
44%
Holy Diver langfr-960px-Flag_of_the_United_States_%28Pantone%29.svg.png Dio
42%
Schism langfr-960px-Flag_of_the_United_States_%28Pantone%29.svg.png TOOL
40%
Change (In the House of Flies) langfr-960px-Flag_of_the_United_States_%28Pantone%29.svg.png Deftones
35%
To Hell and Back 960px-Flag_of_Sweden.svg.png?utm_source=commons.wikimedia.org&utm_campaign=index&utm_content=thumbnail&_=20240601033150 Sabaton
35%
Tears Don't Fall 960px-Flag_of_the_United_Kingdom_%283-5%29.svg.png?utm_source=commons.wikimedia.org&utm_campaign=index&utm_content=thumbnail&_=20250726143817 Bullet for my Valentine
33%
Pull Me Under langfr-960px-Flag_of_the_United_States_%28Pantone%29.svg.png Dream Theater
33%
Madhouse langfr-960px-Flag_of_the_United_States_%28Pantone%29.svg.png Anthrax
30%
Voice of the Soul langfr-960px-Flag_of_the_United_States_%28Pantone%29.svg.png Death
30%
Freezing Moon 960px-Flag_of_Norway.svg.png?utm_source=commons.wikimedia.org&utm_campaign=index&utm_content=thumbnail&_=20230220191857 Mayhem
30%
Army of the Night langfr-960px-Flag_of_Germany.svg.png Powerwolf
30%
Laid to Rest langfr-960px-Flag_of_the_United_States_%28Pantone%29.svg.png Lamb of God
28%
I Want Out langfr-960px-Flag_of_Germany.svg.png Helloween
26%
Amaranth 960px-Flag_of_Finland.svg.png?utm_source=commons.wikimedia.org&utm_campaign=index&utm_content=thumbnail&_=20230220191416 Nightwish
26%
Twilight Of The Thunder God 960px-Flag_of_Sweden.svg.png?utm_source=commons.wikimedia.org&utm_campaign=index&utm_content=thumbnail&_=20240601033150 Amon Amarth
23%
Another Life langfr-960px-Flag_of_the_United_States_%28Pantone%29.svg.png Motionless in White
23%
Drink 960px-Flag_of_the_United_Kingdom_%283-5%29.svg.png?utm_source=commons.wikimedia.org&utm_campaign=index&utm_content=thumbnail&_=20250726143817 Alestorm
21%
Wrong Side of Heaven langfr-960px-Flag_of_the_United_States_%28Pantone%29.svg.png Five Finger Death Punch
21%
I Miss the Misery langfr-960px-Flag_of_the_United_States_%28Pantone%29.svg.png Halestorm
21%
Are You Dead Yet? 960px-Flag_of_Finland.svg.png?utm_source=commons.wikimedia.org&utm_campaign=index&utm_content=thumbnail&_=20230220191416 Children of Bodom
19%
Kings of Metal langfr-960px-Flag_of_the_United_States_%28Pantone%29.svg.png Manowar
19%
Just Pretend langfr-960px-Flag_of_the_United_States_%28Pantone%29.svg.png Bad Omens
16%
Windowpane 960px-Flag_of_Sweden.svg.png?utm_source=commons.wikimedia.org&utm_campaign=index&utm_content=thumbnail&_=20240601033150 Opeth
16%
Still Counting 960px-Flag_of_Denmark.svg.png?utm_source=commons.wikimedia.org&utm_campaign=index&utm_content=thumbnail&_=20230220190747 Volbeat
12%
Aucun quiz correspondant
Distribution des résultats
% des personnes avec chaque résultat
Percentile par nombre de réponses
Votre historique - résultats
Vous n’avez pas pris ce quiz